| 000 | 00944 a2200169 4500 | ||
|---|---|---|---|
| 003 | Nust | ||
| 005 | 20230208093419.0 | ||
| 040 | _cNust | ||
| 082 | _a954.1,KHA | ||
| 100 |
_aKhan, Muqeem Fazal _9108709 |
||
| 245 |
_aPakistan 's Crisis in Leadership / _cFazal Muqeem Khan |
||
| 260 | _aIslambad | ||
| 300 | _a275;p | ||
| 505 | _aBetween the two Wars (Page-1), Pakistan Government 1969-71 (Page-16), Leading to Crisis (Page-32), Revolt in East Pakistan (Page-56), Insurgency -1 (Page-71), Mukti Bahini (Page-92), Defence Plans (Page-105), Insurgency –II (Page-115), Indian Preparations (Page-132), State of Army November 1971(Page-147), India Invades East Pakistan (Page-159), The Fall of Dacca (Page-174), War in the West (Page-192), Pakistan Navy in the War (Page-219), Pakistan Air Force in War (Page-234), Aftermath (Page-247), Reasons for Debacle (Page-255). | ||
| 650 |
_a Crisis in Leadership _9108710 |
||
| 942 |
_2ddc _cBK _k954.1,KHA |
||
| 999 |
_c187470 _d187470 |
||